{"text_format":"3","workbook":"xlsx","n_sheets":1,"sheets":["t494"],"read":"whole","date_system":"1900"}

{"sheet":"t494","index":0,"n_rows":176,"n_cols":7,"rows_kept":176,"merged":[[0,0,0,6],[30,0,30,5],[45,0,45,5],[150,0,150,5]]}
["TABELA 494.1 - Estatísticas Agrícolas, Município de Sabino, Estado de São Paulo, 2007/08."]
["ITEM","UNIDADE","N.DE UPAs","MÍNIMO","MÉDIO","MÁXIMO","TOTAL"]
["Distância à sede do município","km",231,0.1,{"v":7.79,"d":"7.8"},{"v":30,"d":"30.0"},"-"]
["Área total","hectare",231,2.4,{"v":106.56,"d":"106.6"},{"v":3630,"d":"3,630.0"},{"v":24615.16,"d":"24,615.2"}]
["Área com cultura perene","hectare",30,0.5,{"v":8.06,"d":"8.1"},{"v":43,"d":"43.0"},241.9]
["Área com cultura temporária","hectare",107,{"v":1,"d":"1.0"},{"v":115.96,"d":"116.0"},{"v":3042.3,"d":"3,042.3"},{"v":12407.7,"d":"12,407.7"}]
["Área com pastagem","hectare",196,{"v":1,"d":"1.0"},{"v":50.34,"d":"50.3"},{"v":989,"d":"989.0"},{"v":9867.1,"d":"9,867.1"}]
["Área com reflorestamento","hectare",7,0.5,{"v":2.81,"d":"2.8"},9.6,19.7]
["Área com vegetação natural","hectare",45,0.2,{"v":39.32,"d":"39.3"},{"v":582,"d":"582.0"},{"v":1769.4,"d":"1,769.4"}]
["Área com vegetação de brejo e várzea","hectare",29,0.3,{"v":4.39,"d":"4.4"},{"v":31,"d":"31.0"},127.4]
["Área em descanso","hectare","-","-","-","-",{"v":0,"d":"0.0"}]
["Área complementar","hectare",192,0.1,{"v":0.95,"d":"1.0"},{"v":12,"d":"12.0"},{"v":181.96,"d":"182.0"}]
["Área das UPAs com (0, 1] ha","hectare","-","-","-","-","-"]
["Área das UPAs com (1, 2] ha","hectare","-","-","-","-","-"]
["Área das UPAs com (2, 5] ha","hectare",16,2.4,{"v":4.01,"d":"4.0"},4.8,64.2]
["Área das UPAs com (5, 10] ha","hectare",48,5.4,{"v":7.58,"d":"7.6"},{"v":10,"d":"10.0"},363.9]
["Área das UPAs com (10, 20] ha","hectare",54,10.4,{"v":15.09,"d":"15.1"},19.3,814.7]
["Área das UPAs com (20, 50] ha","hectare",62,20.3,{"v":33.69,"d":"33.7"},49.6,{"v":2088.9,"d":"2,088.9"}]
["Área das UPAs com (50, 100] ha","hectare",23,50.8,{"v":65.13,"d":"65.1"},94.3,{"v":1498.1,"d":"1,498.1"}]
["Área das UPAs com (100, 200] ha","hectare",8,104.6,{"v":135.85,"d":"135.9"},192.4,{"v":1086.76,"d":"1,086.8"}]
["Área das UPAs com (200, 500] ha","hectare",10,217.8,{"v":347.38,"d":"347.4"},403.3,{"v":3473.8,"d":"3,473.8"}]
["Área das UPAs com (500, 1.000] ha","hectare",5,575.5,{"v":775.96,"d":"776.0"},938.9,{"v":3879.8,"d":"3,879.8"}]
["Área das UPAs com (1.000, 2.000] ha","hectare",3,{"v":1135.1,"d":"1,135.1"},{"v":1490.37,"d":"1,490.4"},{"v":1743,"d":"1,743.0"},{"v":4471.1,"d":"4,471.1"}]
["Área das UPAs com (2.000, 5.000] ha","hectare",2,{"v":3243.9,"d":"3,243.9"},{"v":3436.95,"d":"3,437.0"},{"v":3630,"d":"3,630.0"},{"v":6873.9,"d":"6,873.9"}]
["Área das UPAs com (5.000, 10.000] ha","hectare","-","-","-","-","-"]
["Área das UPAs acima de 10.000 ha","hectare","-","-","-","-","-"]
["Familiares do proprietário que trabalham na UPA","unidade",196,{"v":1,"d":"1.0"},{"v":1.29,"d":"1.3"},{"v":4,"d":"4.0"},{"v":253,"d":"253.0"}]
["Trabalhadores permanentes","unidade",64,{"v":1,"d":"1.0"},{"v":2.58,"d":"2.6"},{"v":22,"d":"22.0"},{"v":165,"d":"165.0"}]
["Fonte: Secretaria de Agricultura e Abastecimento, CDRS/IEA, Projeto LUPA."]
[]
["TABELA 494.2 - Explorações Animais, Município de Sabino, Estado de São Paulo, 2007/08."]
["ITEM","UNIDADE","N.DE UPAs","MÍNIMO","MÉDIO","MÁXIMO","TOTAL"]
["Asininos E Muares","cabeças",3,{"v":2,"d":"2.0"},{"v":8.33,"d":"8.3"},{"v":15,"d":"15.0"},{"v":25,"d":"25.0"}]
["Avicultura de Corte","cabeças/ano",2,{"v":90000,"d":"90,000.0"},{"v":90000,"d":"90,000.0"},{"v":90000,"d":"90,000.0"},{"v":180000,"d":"180,000.0"}]
["Avicultura para Ovos","cabeças",1,{"v":2500,"d":"2,500.0"},{"v":2500,"d":"2,500.0"},{"v":2500,"d":"2,500.0"},{"v":2500,"d":"2,500.0"}]
["Bovinocultura de Corte","cabeças",107,{"v":8,"d":"8.0"},{"v":134.36,"d":"134.4"},{"v":3000,"d":"3,000.0"},{"v":14377,"d":"14,377.0"}]
["Bovinocultura Leiteira","cabeças",48,{"v":3,"d":"3.0"},47.9,{"v":420,"d":"420.0"},{"v":2299,"d":"2,299.0"}]
["Bovinocultura Mista","cabeças",46,{"v":3,"d":"3.0"},{"v":27.57,"d":"27.6"},{"v":170,"d":"170.0"},{"v":1268,"d":"1,268.0"}]
["Bubalinocultura","cabeças",1,{"v":50,"d":"50.0"},{"v":50,"d":"50.0"},{"v":50,"d":"50.0"},{"v":50,"d":"50.0"}]
["Equinocultura","cabeças",7,{"v":1,"d":"1.0"},{"v":11.71,"d":"11.7"},{"v":33,"d":"33.0"},{"v":82,"d":"82.0"}]
["Ovinocultura","cabeças",7,{"v":18,"d":"18.0"},{"v":105.43,"d":"105.4"},{"v":250,"d":"250.0"},{"v":738,"d":"738.0"}]
["Piscicultura","m² tanques",2,{"v":1000,"d":"1,000.0"},{"v":3500,"d":"3,500.0"},{"v":6000,"d":"6,000.0"},{"v":7000,"d":"7,000.0"}]
["Suinocultura","cabeças",12,{"v":10,"d":"10.0"},{"v":52.58,"d":"52.6"},{"v":90,"d":"90.0"},{"v":631,"d":"631.0"}]
["Fonte: Secretaria de Agricultura e Abastecimento, CDRS/IEA, Projeto LUPA."]
[]
["TABELA 494.3 -  Máquinas, Implementos e Benfeitorias, Município de Sabino, Estado de São Paulo, 2007/08."]
["ITEM","UNIDADE","N.DE UPAs","MÍNIMO","MÉDIO","MÁXIMO","TOTAL"]
["Arado Comum (Bacia, Aiveca)","Unidade",63,{"v":1,"d":"1.0"},{"v":1.33,"d":"1.3"},{"v":6,"d":"6.0"},{"v":84,"d":"84.0"}]
["Arado Escarificador","Unidade",16,{"v":1,"d":"1.0"},{"v":2.38,"d":"2.4"},{"v":15,"d":"15.0"},{"v":38,"d":"38.0"}]
["Arado Subsolador","Unidade",13,{"v":1,"d":"1.0"},{"v":1.31,"d":"1.3"},{"v":3,"d":"3.0"},{"v":17,"d":"17.0"}]
["Batedeira de Cereais","Unidade",5,{"v":1,"d":"1.0"},1.2,{"v":2,"d":"2.0"},{"v":6,"d":"6.0"}]
["Carregadeira de Cana","Unidade",5,{"v":1,"d":"1.0"},1.2,{"v":2,"d":"2.0"},{"v":6,"d":"6.0"}]
["Colhedeira Acoplada","Unidade",10,{"v":1,"d":"1.0"},1.1,{"v":2,"d":"2.0"},{"v":11,"d":"11.0"}]
["Colhedeira Automotriz","Unidade",9,{"v":1,"d":"1.0"},{"v":1.44,"d":"1.4"},{"v":4,"d":"4.0"},{"v":13,"d":"13.0"}]
["Computador","Unidade",5,{"v":1,"d":"1.0"},{"v":1,"d":"1.0"},{"v":1,"d":"1.0"},{"v":5,"d":"5.0"}]
["Conj.Irrigação Autopropelido","Unidade",4,{"v":1,"d":"1.0"},{"v":1,"d":"1.0"},{"v":1,"d":"1.0"},{"v":4,"d":"4.0"}]
["Conj.Irrigação Convencional","Unidade",27,{"v":1,"d":"1.0"},{"v":1.22,"d":"1.2"},{"v":4,"d":"4.0"},{"v":33,"d":"33.0"}]
["Conj.Irrigação Pivot Central","Unidade",1,{"v":1,"d":"1.0"},{"v":1,"d":"1.0"},{"v":1,"d":"1.0"},{"v":1,"d":"1.0"}]
["Conj.Irrigação/Gotejamento/Microaspersão","Unidade",9,{"v":1,"d":"1.0"},{"v":1.67,"d":"1.7"},{"v":4,"d":"4.0"},{"v":15,"d":"15.0"}]
["Desintegrador, Picador, Triturador","Unidade",74,{"v":1,"d":"1.0"},{"v":1.16,"d":"1.2"},{"v":6,"d":"6.0"},{"v":86,"d":"86.0"}]
["Distribuidor de Calcário","Unidade",18,{"v":1,"d":"1.0"},{"v":1.17,"d":"1.2"},{"v":3,"d":"3.0"},{"v":21,"d":"21.0"}]
["Ensiladeira","Unidade",7,{"v":1,"d":"1.0"},{"v":1,"d":"1.0"},{"v":1,"d":"1.0"},{"v":7,"d":"7.0"}]
["Grade Aradora (Tipo Romi)","Unidade",20,{"v":1,"d":"1.0"},{"v":1.25,"d":"1.3"},{"v":3,"d":"3.0"},{"v":25,"d":"25.0"}]
["Grade Niveladora","Unidade",45,{"v":1,"d":"1.0"},{"v":1.36,"d":"1.4"},{"v":6,"d":"6.0"},{"v":61,"d":"61.0"}]
["Implementos para Tração Animal","Unidade",16,{"v":1,"d":"1.0"},{"v":3.25,"d":"3.3"},{"v":5,"d":"5.0"},{"v":52,"d":"52.0"}]
["Microtrator","Unidade",7,{"v":1,"d":"1.0"},{"v":1.43,"d":"1.4"},{"v":3,"d":"3.0"},{"v":10,"d":"10.0"}]
["Misturador de Ração","Unidade",9,{"v":1,"d":"1.0"},{"v":1,"d":"1.0"},{"v":1,"d":"1.0"},{"v":9,"d":"9.0"}]
["Ordenhadeira Mecânica","Unidade",11,{"v":1,"d":"1.0"},{"v":1.09,"d":"1.1"},{"v":2,"d":"2.0"},{"v":12,"d":"12.0"}]
["Pulverizador Tratorizado","Unidade",48,{"v":1,"d":"1.0"},1.5,{"v":9,"d":"9.0"},{"v":72,"d":"72.0"}]
["Resfriador de Leite, Tanque Expansão","Unidade",15,{"v":1,"d":"1.0"},{"v":1,"d":"1.0"},{"v":1,"d":"1.0"},{"v":15,"d":"15.0"}]
["Roçadeira Costal","Unidade",1,{"v":1,"d":"1.0"},{"v":1,"d":"1.0"},{"v":1,"d":"1.0"},{"v":1,"d":"1.0"}]
["Roçadeira Tratorizada","Unidade",5,{"v":1,"d":"1.0"},1.2,{"v":2,"d":"2.0"},{"v":6,"d":"6.0"}]
["Semeadeira/Adubadeira para Plantio Convencional","Unidade",30,{"v":1,"d":"1.0"},{"v":1.27,"d":"1.3"},{"v":5,"d":"5.0"},{"v":38,"d":"38.0"}]
["Semeadeira/Plantadeira Plantio Direto","Unidade",10,{"v":1,"d":"1.0"},1.9,{"v":7,"d":"7.0"},{"v":19,"d":"19.0"}]
["Terraceador","Unidade",5,{"v":1,"d":"1.0"},1.2,{"v":2,"d":"2.0"},{"v":6,"d":"6.0"}]
["Trator de Esteiras","Unidade",2,{"v":1,"d":"1.0"},1.5,{"v":2,"d":"2.0"},{"v":3,"d":"3.0"}]
["Trator de Pneus","Unidade",84,{"v":1,"d":"1.0"},{"v":1.67,"d":"1.7"},{"v":10,"d":"10.0"},{"v":140,"d":"140.0"}]
["Açude/Represa","Unidade",50,{"v":1,"d":"1.0"},{"v":1.58,"d":"1.6"},{"v":6,"d":"6.0"},{"v":79,"d":"79.0"}]
["Almoxarifado/Oficina","Unidade",8,{"v":1,"d":"1.0"},{"v":1.25,"d":"1.3"},{"v":2,"d":"2.0"},{"v":10,"d":"10.0"}]
["Armazém para Grãos Ensacados","Sacas",6,{"v":1,"d":"1.0"},{"v":1671,"d":"1,671.0"},{"v":10000,"d":"10,000.0"},{"v":10026,"d":"10,026.0"}]
["Balança para Bovinos","Unidade",6,{"v":1,"d":"1.0"},{"v":1,"d":"1.0"},{"v":1,"d":"1.0"},{"v":6,"d":"6.0"}]
["Balança para Veículos","Unidade",1,{"v":1,"d":"1.0"},{"v":1,"d":"1.0"},{"v":1,"d":"1.0"},{"v":1,"d":"1.0"}]
["Barracão para Granja/Avicultura","Unidade",3,{"v":1,"d":"1.0"},{"v":2,"d":"2.0"},{"v":3,"d":"3.0"},{"v":6,"d":"6.0"}]
["Barracão/Galpão/Garagem","Unidade",60,{"v":1,"d":"1.0"},{"v":1.15,"d":"1.2"},{"v":3,"d":"3.0"},{"v":69,"d":"69.0"}]
["Casa de Moradia Habitada","Unidade",122,{"v":1,"d":"1.0"},{"v":1.57,"d":"1.6"},{"v":12,"d":"12.0"},{"v":191,"d":"191.0"}]
["Casa de Moradia Total","Unidade",162,{"v":1,"d":"1.0"},{"v":1.74,"d":"1.7"},{"v":18,"d":"18.0"},{"v":282,"d":"282.0"}]
["Curral/Mangueira","Unidade",152,{"v":1,"d":"1.0"},{"v":1.06,"d":"1.1"},{"v":3,"d":"3.0"},{"v":161,"d":"161.0"}]
["Depósito/Tulha","Unidade",96,{"v":1,"d":"1.0"},{"v":1.08,"d":"1.1"},{"v":3,"d":"3.0"},{"v":104,"d":"104.0"}]
["Engenho","Unidade",1,{"v":1,"d":"1.0"},{"v":1,"d":"1.0"},{"v":1,"d":"1.0"},{"v":1,"d":"1.0"}]
["Estábulo","Unidade",6,{"v":1,"d":"1.0"},{"v":1,"d":"1.0"},{"v":1,"d":"1.0"},{"v":6,"d":"6.0"}]
["Estufa/Plasticultura","m²",2,{"v":1,"d":"1.0"},400.5,{"v":800,"d":"800.0"},{"v":801,"d":"801.0"}]
["Fábrica de Ração","Unidade",1,{"v":1,"d":"1.0"},{"v":1,"d":"1.0"},{"v":1,"d":"1.0"},{"v":1,"d":"1.0"}]
["Máquina de Benefício","Unidade",4,{"v":1,"d":"1.0"},{"v":1.25,"d":"1.3"},{"v":2,"d":"2.0"},{"v":5,"d":"5.0"}]
["Pocilga","Unidade",19,{"v":1,"d":"1.0"},{"v":1.37,"d":"1.4"},{"v":5,"d":"5.0"},{"v":26,"d":"26.0"}]
["Poço Semi-Artesiano","Unidade",33,{"v":1,"d":"1.0"},{"v":1.03,"d":"1.0"},{"v":2,"d":"2.0"},{"v":34,"d":"34.0"}]
["Secador de Grãos","Unidade",2,{"v":1,"d":"1.0"},{"v":1,"d":"1.0"},{"v":1,"d":"1.0"},{"v":2,"d":"2.0"}]
["Silo para Grãos","t",1,{"v":20,"d":"20.0"},{"v":20,"d":"20.0"},{"v":20,"d":"20.0"},{"v":20,"d":"20.0"}]
["Silo para Silagem","t",1,{"v":1,"d":"1.0"},{"v":1,"d":"1.0"},{"v":1,"d":"1.0"},{"v":1,"d":"1.0"}]
["Terreiro","m²",15,{"v":1,"d":"1.0"},308.2,{"v":1000,"d":"1,000.0"},{"v":4623,"d":"4,623.0"}]
["Fonte: Secretaria de Agricultura e Abastecimento, CDRS/IEA, Projeto LUPA."]
[]
["TABELA 494.4 - Outras Estatísticas Agrícolas, Município de Sabino, Estado de São Paulo, 2007/08."]
["ITEM","Número de UPAs",null,"Percentual"]
["Faz Parte de Associação de Produtores",38,null,{"v":16.45021645021645,"d":"16.5"}]
["Faz Parte de Cooperativa de Produtores",76,null,{"v":32.9004329004329,"d":"32.9"}]
["Faz Parte do Sindicato de Produtores",48,null,{"v":20.77922077922078,"d":"20.8"}]
["Não utiliza assistência técnica ",18,null,{"v":7.792207792207792,"d":"7.8"}]
["Utiliza somente assistência técnica governamental ",159,null,{"v":68.83116883116882,"d":"68.8"}]
["Utiliza somente assistência técnica privada ",8,null,{"v":3.463203463203463,"d":"3.5"}]
["Utiliza assistência técnica tanto governamental quanto privada",46,null,{"v":19.913419913419915,"d":"19.9"}]
["Utiliza Crédito Rural",67,null,{"v":29.004329004329005,"d":"29.0"}]
["Utiliza Seguro Rural",6,null,{"v":2.5974025974025974,"d":"2.6"}]
["Utiliza Escrituração Agrícola",61,null,{"v":26.406926406926406,"d":"26.4"}]
["Acessa Internet p/ Fins na Agropecuária",9,null,{"v":3.8961038961038965,"d":"3.9"}]
["Utiliza Computador nas Atividades Agropecuárias",7,null,{"v":3.0303030303030303,"d":"3.0"}]
["Utiliza Energia Elétrica Para Uso na Atividade Agrícola",185,null,{"v":80.08658008658008,"d":"80.1"}]
["Realiza Análise de Solo, quando necessário",72,null,{"v":31.168831168831172,"d":"31.2"}]
["Utiliza Práticas de Conservação de Solo, quando necessário",193,null,{"v":83.54978354978356,"d":"83.5"}]
["Faz Adubação Mineral, quando necessário",181,null,{"v":78.35497835497836,"d":"78.4"}]
["Faz Adubação Orgânica, quando necessário",73,null,{"v":31.6017316017316,"d":"31.6"}]
["Faz Adubação Verde, quando necessário",7,null,{"v":3.0303030303030303,"d":"3.0"}]
["Utiliza Manejo Integrado de Pragas (MIP)","-",null,"-"]
["Utiliza Hidroponia","-",null,"-"]
["Utiliza Plasticultura",3,null,{"v":1.2987012987012987,"d":"1.3"}]
["Utiliza Mudas Fiscalizadas",25,null,{"v":10.822510822510822,"d":"10.8"}]
["Utiliza Semente Melhorada",83,null,{"v":35.93073593073593,"d":"35.9"}]
["Faz Confinamento de Bovinos",7,null,{"v":3.0303030303030303,"d":"3.0"}]
["Utiliza Pastejo Intensivo",166,null,{"v":71.86147186147186,"d":"71.9"}]
["Faz Inseminação Artificial",3,null,{"v":1.2987012987012987,"d":"1.3"}]
["Faz Mineralização do Rebanho",182,null,{"v":78.7878787878788,"d":"78.8"}]
["Faz Vermifugação do Rebanho",178,null,{"v":77.05627705627705,"d":"77.1"}]
["Possui Parceiros /Arrendatários na Exploração Animal",45,null,{"v":19.48051948051948,"d":"19.5"}]
["Esporte e lazer",1,null,{"v":0.4329004329004329,"d":"0.4"}]
["Extração mineral","-",null,"-"]
["Hotel Fazenda, Pousada ou SPA","-",null,"-"]
["Pesque-pague",1,null,{"v":0.4329004329004329,"d":"0.4"}]
["Restaurante ou Lanchonete","-",null,"-"]
["Transformação artesanal","-",null,"-"]
["Turismo rural ou ecoturismo","-",null,"-"]
["Outras atividades econômicas rurais","-",null,"-"]
["Agroindústria","-",null,"-"]
["Proprietário sem instrução ou com instrução incompleta",27,null,{"v":11.688311688311687,"d":"11.7"}]
["Proprietário com antigo primário completo",103,null,{"v":44.58874458874459,"d":"44.6"}]
["Proprietário com 1° grau (ou antigo ginasial) completo",25,null,{"v":10.822510822510822,"d":"10.8"}]
["Proprietário com 2° grau (ou antigo colegial) completo",39,null,{"v":16.883116883116884,"d":"16.9"}]
["Proprietário com curso superior completo ",37,null,{"v":16.017316017316016,"d":"16.0"}]
["Pessoa Jurídica","-",null,"-"]
["Proprietário residente na própria UPA ",68,null,{"v":29.437229437229437,"d":"29.4"}]
["Fonte: Secretaria de Agricultura e Abastecimento, CDRS/IEA, Projeto LUPA."]
[]
["TABELA 494.5 - Área Cultivada, Município de Sabino, Estado de São Paulo, 2007/08."]
["CULTURA","N.DE UPAs","MÍNIMO","MÉDIO","MÁXIMO","TOTAL"]
["Cana-de-acucar",86,0.5,{"v":133.29,"d":"133.3"},{"v":3042.3,"d":"3,042.3"},{"v":11462.6,"d":"11,462.6"}]
["Braquiaria",195,{"v":1,"d":"1.0"},{"v":50.13,"d":"50.1"},{"v":989,"d":"989.0"},{"v":9774.6,"d":"9,774.6"}]
["Milho",19,1.6,{"v":29.78,"d":"29.8"},{"v":240,"d":"240.0"},565.9]
["Soja",1,{"v":200,"d":"200.0"},{"v":200,"d":"200.0"},{"v":200,"d":"200.0"},{"v":200,"d":"200.0"}]
["Seringueira",4,4.8,{"v":28,"d":"28.0"},{"v":43,"d":"43.0"},{"v":112,"d":"112.0"}]
["Tomate envarado",14,1.5,{"v":7.36,"d":"7.4"},{"v":60,"d":"60.0"},{"v":103,"d":"103.0"}]
["Coloniao",2,2.5,{"v":46.25,"d":"46.3"},{"v":90,"d":"90.0"},92.5]
["Tomate rasteiro",7,2.5,{"v":12.59,"d":"12.6"},{"v":20,"d":"20.0"},88.1]
["Cafe",15,0.5,{"v":3.36,"d":"3.4"},9.6,50.4]
["Laranja",1,{"v":30,"d":"30.0"},{"v":30,"d":"30.0"},{"v":30,"d":"30.0"},{"v":30,"d":"30.0"}]
["Manga",6,2.4,{"v":4.18,"d":"4.2"},{"v":7,"d":"7.0"},25.1]
["Pimentao",4,0.8,{"v":6.25,"d":"6.3"},{"v":12,"d":"12.0"},{"v":25,"d":"25.0"}]
["Eucalipto",7,0.5,{"v":2.81,"d":"2.8"},9.6,19.7]
["Coco-da-baia",2,{"v":4,"d":"4.0"},9.5,{"v":15,"d":"15.0"},{"v":19,"d":"19.0"}]
["Morango",1,{"v":6,"d":"6.0"},{"v":6,"d":"6.0"},{"v":6,"d":"6.0"},{"v":6,"d":"6.0"}]
["Melancia",1,{"v":6,"d":"6.0"},{"v":6,"d":"6.0"},{"v":6,"d":"6.0"},{"v":6,"d":"6.0"}]
["Caju",2,{"v":2,"d":"2.0"},2.2,2.4,4.4]
["Maracuja",1,{"v":3,"d":"3.0"},{"v":3,"d":"3.0"},{"v":3,"d":"3.0"},{"v":3,"d":"3.0"}]
["Arroz",1,1.2,1.2,1.2,1.2]
["Alface",1,{"v":1,"d":"1.0"},{"v":1,"d":"1.0"},{"v":1,"d":"1.0"},{"v":1,"d":"1.0"}]
["Limao",1,{"v":1,"d":"1.0"},{"v":1,"d":"1.0"},{"v":1,"d":"1.0"},{"v":1,"d":"1.0"}]
["Mandioca",1,0.3,0.3,0.3,0.3]
["Abacaxi (ou ananas)",1,0.2,0.2,0.2,0.2]
["Fonte: Secretaria de Agricultura e Abastecimento, CDRS/IEA, Projeto LUPA."]